UBT Library

Breaking the wave : (Record no. 40697)

000 -LEADER
fixed length control field 01407cam a22003617i 4500
001 - CONTROL NUMBER
control field 16145113
005 - DATE AND TIME OF LATEST TRANSACTION
control field 20180123032946.0
008 - FIXED-LENGTH DATA ELEMENTS--GENERAL INFORMATION
fixed length control field 100319s2011 nyu b 001 0 eng c
010 ## - LIBRARY OF CONGRESS CONTROL NUMBER
LC control number 2010011469
016 7# - NATIONAL BIBLIOGRAPHIC AGENCY CONTROL NUMBER
Record control number 015556512
Source Uk
020 ## - INTERNATIONAL STANDARD BOOK NUMBER
International Standard Book Number 9780415873970 (hbk. : alk. paper)
020 ## - INTERNATIONAL STANDARD BOOK NUMBER
International Standard Book Number 0415873975 (hbk. : alk. paper)
020 ## - INTERNATIONAL STANDARD BOOK NUMBER
International Standard Book Number 9780415874007 (pbk.)
020 ## - INTERNATIONAL STANDARD BOOK NUMBER
International Standard Book Number 0415874009 (pbk.)
020 ## - INTERNATIONAL STANDARD BOOK NUMBER
International Standard Book Number 9780203842935 (ebk)
035 ## - SYSTEM CONTROL NUMBER
System control number (OCoLC)ocn526106550
040 ## - CATALOGING SOURCE
Original cataloging agency DLC
Language of cataloging eng
Description conventions rda
Transcribing agency DLC
Modifying agency YDX
-- BTCTA
-- YDXCP
-- CDX
-- PMC
-- LML
-- UKMGB
-- MNE
-- OCLCF
-- P4I
-- OCLCO
-- CS1
-- DLC
041 ## - LANGUAGE CODE
Language code of text/sound track or separate title eng
042 ## - AUTHENTICATION CODE
Authentication code pcc
043 ## - GEOGRAPHIC AREA CODE
Geographic area code n-us---
080 ## - UNIVERSAL DECIMAL CLASSIFICATION NUMBER
Universal Decimal Classification number 574 LAU
100 ## - Rafti
Rafti 9
101 ## - Shkurtesa
Shkurtesa MJE
245 00 - TITLE STATEMENT
Title Breaking the wave :
Statement of responsibility, etc edited by Kathleen A. Laughlin and Jacqueline L. Castledine.
504 ## - BIBLIOGRAPHY, ETC. NOTE
Bibliography, etc Includes bibliographical references (pages 252-256) and index.
648 #7 - SUBJECT ADDED ENTRY--CHRONOLOGICAL TERM
Chronological term 1900 - 1999
Source of heading or term fast
776 08 - ADDITIONAL PHYSICAL FORM ENTRY
Display text Online version:
Title Breaking the wave.
Place, publisher, and date of publication New York : Routledge, 2011
Record control number (OCoLC)760967233
906 ## - LOCAL DATA ELEMENT F, LDF (RLIN)
a 7
b cbc
c pccadap
d 1
e epcn
f 20
g y-gencatlg
942 ## - ADDED ENTRY ELEMENTS (KOHA)
Source of classification or shelving scheme
Item type Books
Holdings
Withdrawn status Lost status Source of classification or shelving scheme Damaged status Not for loan Collection code Permanent location Current location Shelving location Date acquired Total Checkouts Full call number Barcode Date last seen Price effective from Koha item type
          Koleksioni i përgjithshem UBT - Lipjan UBT - Lipjan Koleksioni i përgjithshem 01/23/2018   574 LAU 002-2996044 01/23/2018 01/23/2018 Books
UBT Library © 2015-2024. All rights reserved University Education for Business and Technology